000
00262nam a2200109Ia 4500
008
200302s9999 xx 000 0 und d
100
_a
Debora Robertson
245
_a
Making the Most of Storage
260
_b
Conran Octopus Ltd.
260
_c
1996
300
_a
80 P.,
999
_c
1465
_d
1465